| 000 | 00625cam a2200157 a 4500 | ||
|---|---|---|---|
| 082 | 0 | 0 |
_a624.76 _bROA _cD |
| 245 | 1 | 0 | _aRoad deterioration in developing countries : |
| 260 |
_aWashington, D.C. : _bWorld Bank, _cc1987. |
||
| 300 |
_ax, 61 p. : _bill. ; _c27 cm. |
||
| 500 | _aPrepared by Clell Harral and Asif Faiz, with contributions by Esra Bennathan, Graham Smith, and Anil Bhandari. | ||
| 526 |
_a0 _b0 _c0 _d624_760000000000000_ROA |
||
| 650 | 0 |
_aRoads _xDeterioration _zDeveloping countries. _938623 |
|
| 650 | 0 |
_aRoads _zDeveloping countries _xMaintenance and repair. _920780 |
|
| 710 | 2 |
_aWorld Bank. _94999 |
|
| 942 |
_2ddc _cBK |
||
| 999 |
_c547293 _d547293 |
||